MARC details
| 000 -LEADER |
| campo de control de longitud fija |
01717nas a2200433 i 4500 |
| 001 - NÚMERO DE CONTROL |
| campo de control |
2797 |
| 003 - IDENTIFICADOR DE NÚMERO DE CONTROL |
| campo de control |
ES-MaACL |
| 005 - FECHA Y HORA DE LA ÚLTIMA TRANSACCIÓN |
| campo de control |
20250801095625.0 |
| 007 - CAMPO FIJO DE DESCRIPCIÓN FÍSICA--INFORMACIÓN GENERAL |
| campo de control de longitud fija |
t| |
| 008 - DATOS DE LONGITUD FIJA--INFORMACIÓN GENERAL |
| campo de control de longitud fija |
001211c1979 sp f| p | ||pa d |
| 022 ## - NÚMERO INTERNACIONAL NORMALIZADO PARA PUBLICACIONES SERIADAS |
| Número Internacional Normalizado para Publicaciones Seriadas |
0210-6124 |
| 040 ## - FUENTE DE CATALOGACIÓN |
| Centro catalogador/agencia de origen |
ES-MaACL |
| 080 ## - NÚMERO DE LA CLASIFICACIÓN DECIMAL UNIVERSAL |
| Número de la Clasificación Decimal Universal |
(460) |
| 080 ## - NÚMERO DE LA CLASIFICACIÓN DECIMAL UNIVERSAL |
| Número de la Clasificación Decimal Universal |
811.111 |
| 080 ## - NÚMERO DE LA CLASIFICACIÓN DECIMAL UNIVERSAL |
| Número de la Clasificación Decimal Universal |
821.111 |
| 245 00 - MENCIÓN DEL TÍTULO |
| Título |
Atlantis |
| Resto del título |
: revista de la Asociación Española de Estudios Anglo-Norteamericanos. |
| 260 ## - PUBLICACIÓN, DISTRIBUCIÓN, ETC. |
| Lugar de publicación, distribución, etc. |
Madrid : |
| Nombre del editor, distribuidor, etc. |
Asociación Española de Estudios Anglo-Norteamericanos, |
| Fecha de publicación, distribución, etc. |
1979- |
| 300 ## - DESCRIPCIÓN FÍSICA |
| Extensión |
13 v. ; |
| Dimensiones |
24 cm. |
| 310 ## - PERIODICIDAD ACTUAL |
| Periodicidad actual |
Semestral |
| 362 1# - FECHAS DE PUBLICACIÓN Y/O DESIGNACIÓN SECUENCIAL |
| Fecha de publicación y/o designación secuencial |
V. 1 n. 1 (jul. 1979)- |
| 530 ## - NOTA DISPONIBLE DE FORMULARIO FÍSICO ADICIONAL |
| Nota de formato físico adicional disponible |
Vol. I-XXIII: Disponibles también en disco compacto. |
| 530 ## - NOTA DISPONIBLE DE FORMULARIO FÍSICO ADICIONAL |
| Nota de formato físico adicional disponible |
Disponible también en formato digital. |
| 650 14 - PUNTO DE ACCESO ADICIONAL DE MATERIA--TÉRMINO DE MATERIA |
| Término de materia o nombre geográfico como elemento de entrada |
Lingüística. Filología. |
| 9 (RLIN) |
14477 |
| 650 04 - PUNTO DE ACCESO ADICIONAL DE MATERIA--TÉRMINO DE MATERIA |
| Término de materia o nombre geográfico como elemento de entrada |
Lengua inglesa. |
| 9 (RLIN) |
14266 |
| 650 07 - PUNTO DE ACCESO ADICIONAL DE MATERIA--TÉRMINO DE MATERIA |
| Término de materia o nombre geográfico como elemento de entrada |
Literatura inglesa |
| Fuente del encabezamiento o término |
embne |
| 9 (RLIN) |
14626 |
| 650 04 - PUNTO DE ACCESO ADICIONAL DE MATERIA--TÉRMINO DE MATERIA |
| Término de materia o nombre geográfico como elemento de entrada |
Literatura norteamericana. |
| 9 (RLIN) |
143149 |
| 655 #7 - TERMINO DE INDIZACIÓN--GENERO/FORMA |
| Fuente del término |
tgfbne |
| 9 (RLIN) |
226866 |
| Datos o término principal de género/forma |
Revistas |
| 700 1# - ENTRADA AGREGADA--NOMBRE PERSONAL |
| Nombre de persona |
Pérez Guerra, Javier. |
| 9 (RLIN) |
143150 |
| 710 2# - ENTRADA AGREGADA--NOMBRE DE ENTIDAD CORPORATIVA |
| Nombre de entidad corporativa o nombre de jurisdicción como elemento de entrada |
Asociación Española de Estudios Anglo-Norteamericanos. |
| 9 (RLIN) |
1654 |
| 740 0# - ENTRADA AGREGADA--TÍTULO RELACIONADO/ANALÍTICO NO CONTROLADO |
| Título relacionado o analítico no controlado |
Atlantis. |
| Número de parte o sección de la obra |
: v. I-XXIII, |
| Nombre de parte o sección de la obra |
CD-1 (2002) [ |
| Medio |
CD-ROM] |
| 776 ## - ENTRADA DE FORMULARIO FÍSICO ADICIONAL |
| Información de relación |
Versión en línea |
| Título |
Atlantis (1979) = |
| Número Internacional Normalizado para Publicaciones Seriadas |
ISSN 0210-6124 |
| biblionumber |
196281 |
| Número de control del registro |
196281 |
| 852 4# - LOCALIZACIÓN |
| Ubicación |
ES-MaACL |
| Número de control de estantería |
HEM-1957 |
| itemnumber |
2896 |
| Ubicación en estantería |
Hemeroteca |
| Nota libre |
Revista muerta |
| -- |
Antiguo casillero: 217 |
| Donativo/Legado
|
Donación: Editorial |
| 852 4# - LOCALIZACIÓN |
| Ubicación |
ES-MaACL |
| Número de control de estantería |
ROT 2/5/25 CD |
| Ubicación en estantería |
Rotativo |
| itemnumber |
2895 |
| 856 41 - LOCALIZACIÓN Y ACCESO ELECTRÓNICOS |
| Identificador Uniforme de Recursos |
<a href="https://dialnet.unirioja.es/servlet/revista?codigo=176">https://dialnet.unirioja.es/servlet/revista?codigo=176</a> |
| Texto de enlace |
Sumarios de la revista en Dialnet. |
| 866 #0 - MENCIÓN TEXTUAL DE FONDOS--UNIDAD BIBLIOGRÁFICA BÁSICA |
| Fondos |
1979-1982,1984-1987,1989,1991-1996(1997)1998-2017(2018)2019. Faltas: 1997 (n.2) 2018 (n.2) |
| 942 ## - ELEMENTOS DE ENTRADA SECUNDARIOS (KOHA) |
| Fuente del sistema de clasificación o colocación |
Clasificación decimal universal |
| Tipo de ítem Koha |
Revista |
| 955 ## - CATALOGADOR - EDICIÓN |
| Nombre de catalogador |
Pilar Fernández Vera |